[Event "XLIV Memoriał Szachowy Ludwika Zamenhofa 2025, Grupa A"]
[Site "Białystok, Poland"]
[Date "2025.12.31"]
[Round "9.2"]
[White "Psyk, Radoslaw"]
[Black "Nasuta, Grzegorz"]
[Result "1/2-1/2"]
[TimeControl "90'+30\""]
[WhiteElo "2504"]
[BlackElo "2498"]

1. e4 {[%clk 01:21:07]} {[%emt 00:09:52]} c5 {[%clk 01:30:55]} {[%emt
00:00:06]} 2. c3 {[%clk 01:20:28]} {[%emt 00:01:09]} Nf6 {[%clk 01:31:18]}
{[%emt 00:00:07]} 3. e5 {[%clk 01:20:53]} {[%emt 00:00:05]} Nd5 {[%clk
01:31:43]} {[%emt 00:00:05]} 4. Bc4 {[%clk 01:21:12]} {[%emt 00:00:10]} Nb6
{[%clk 01:32:08]} {[%emt 00:00:06]} 5. Bb3 {[%clk 01:21:37]} {[%emt 00:00:05]}
d6 {[%clk 01:32:27]} {[%emt 00:00:11]} 6. exd6 {[%clk 01:21:45]} {[%emt
00:00:21]} Qxd6 {[%clk 01:32:48]} {[%emt 00:00:09]} 7. Na3 {[%clk 01:21:22]}
{[%emt 00:00:54]} a6 {[%clk 01:32:58]} {[%emt 00:00:20]} 8. Ne2 {[%clk
01:16:02]} {[%emt 00:05:49]} Nc6 {[%clk 01:32:46]} {[%emt 00:00:43]} 9. O-O
{[%clk 01:15:18]} {[%emt 00:01:14]} g6 {[%clk 01:33:11]} {[%emt 00:00:05]} 10.
d4 {[%clk 01:07:12]} {[%emt 00:08:36]} cxd4 {[%clk 01:32:49]} {[%emt 00:00:51]}
11. Nxd4 {[%clk 01:02:52]} {[%emt 00:04:50]} Nxd4 {[%clk 01:30:59]} {[%emt
00:02:21]} 12. cxd4 {[%clk 01:02:38]} {[%emt 00:00:44]} Bg7 {[%clk 01:29:40]}
{[%emt 00:01:49]} 13. Qf3 {[%clk 01:01:51]} {[%emt 00:01:17]} O-O {[%clk
01:10:13]} {[%emt 00:19:57]} 14. Rd1 {[%clk 00:58:12]} {[%emt 00:04:08]} Be6
{[%clk 01:07:51]} {[%emt 00:02:52]} 15. Qxb7 {[%clk 00:45:11]} {[%emt
00:13:32]} Bxb3 {[%clk 00:42:45]} {[%emt 00:25:36]} 16. axb3 {[%clk 00:45:27]}
{[%emt 00:00:14]} Rfb8 {[%clk 00:43:09]} {[%emt 00:00:06]} 17. Qf3 {[%clk
00:42:20]} {[%emt 00:03:36]} Nd5 {[%clk 00:43:00]} {[%emt 00:00:40]} 18. Nc4
{[%clk 00:42:37]} {[%emt 00:00:13]} Qe6 {[%clk 00:43:04]} {[%emt 00:00:25]} 19.
Bg5 {[%clk 00:27:10]} {[%emt 00:15:58]} Qf5 {[%clk 00:31:14]} {[%emt 00:12:20]}
20. Qxf5 {[%clk 00:15:56]} {[%emt 00:11:45]} gxf5 {[%clk 00:31:43]} 21. Rd3
{[%clk 00:15:46]} {[%emt 00:00:40]} f4 {[%clk 00:30:02]} {[%emt 00:02:11]} 22.
g3 {[%clk 00:12:31]} {[%emt 00:03:45]} Rb5 {[%clk 00:23:28]} {[%emt 00:07:04]}
23. Bxf4 {[%clk 00:12:15]} {[%emt 00:00:46]} Nxf4 {[%clk 00:23:00]} {[%emt
00:00:58]} 24. gxf4 {[%clk 00:12:44]} Rf5 {[%clk 00:23:20]} {[%emt 00:00:10]}
25. b4 {[%clk 00:10:00]} {[%emt 00:03:14]} Rxf4 {[%clk 00:02:19]} {[%emt
00:21:31]} 26. b5 {[%clk 00:10:27]} {[%emt 00:00:03]} Bxd4 {[%clk 00:02:46]}
{[%emt 00:00:03]} 27. Ne3 {[%clk 00:06:23]} {[%emt 00:04:33]} Bxe3 {[%clk
00:01:54]} {[%emt 00:01:22]} 28. Rxe3 {[%clk 00:02:33]} {[%emt 00:04:21]} a5
{[%clk 00:02:23]} {[%emt 00:00:01]} 29. Rb3 {[%clk 00:03:02]} {[%emt 00:00:01]}
Rb8 {[%clk 00:00:39]} {[%emt 00:02:15]} 30. Rxa5 {[%clk 00:03:30]} {[%emt
00:00:02]} Rf5 {[%clk 00:01:03]} {[%emt 00:00:05]} 31. Kf1 {[%clk 00:02:33]}
{[%emt 00:01:27]} e6 {[%clk 00:00:58]} {[%emt 00:00:35]} 32. Ke2 {[%clk
00:02:32]} {[%emt 00:00:31]} Rd5 {[%clk 00:01:06]} {[%emt 00:00:22]} 33. Ra4
{[%clk 00:00:33]} {[%emt 00:02:29]} Rdxb5 {[%clk 00:00:52]} {[%emt 00:00:44]}
34. Rxb5 {[%clk 00:00:49]} {[%emt 00:00:13]} Rxb5 {[%clk 00:01:22]} 35. b4
{[%clk 00:01:19]} Kf8 {[%clk 00:01:34]} {[%emt 00:00:19]} 36. Kd3 {[%clk
00:01:13]} {[%emt 00:00:35]} Ke7 {[%clk 00:01:59]} {[%emt 00:00:05]} 37. Ra7+
{[%clk 00:01:06]} {[%emt 00:00:37]} Kd6 {[%clk 00:02:10]} {[%emt 00:00:20]} 38.
Rxf7 {[%clk 00:01:11]} {[%emt 00:00:24]} Rxb4 {[%clk 00:02:37]} {[%emt
00:00:03]} 39. Rxh7 {[%clk 00:01:36]} {[%emt 00:00:05]} Ke5 {[%clk 00:02:49]}
{[%emt 00:00:18]} 40. Rh5+ {[%clk 00:00:36]} {[%emt 00:01:30]} Kf6 {[%clk
00:03:18]} 41. Ke3 {[%clk 00:00:56]} {[%emt 00:00:09]} Kg6 {[%clk 00:03:11]}
{[%emt 00:00:38]} 42. Rh8 {[%clk 00:01:02]} {[%emt 00:00:24]} Kg7 {[%clk
00:03:23]} {[%emt 00:00:18]} 43. Rh5 {[%clk 00:01:07]} {[%emt 00:00:25]} Kg6
{[%clk 00:03:45]} {[%emt 00:00:09]} 44. Re5 {[%clk 00:00:36]} {[%emt 00:01:01]}
Rh4 {[%clk 00:02:53]} {[%emt 00:01:21]} 45. Rxe6+ {[%clk 00:00:48]} {[%emt
00:00:19]} Kf5 {[%clk 00:03:21]} {[%emt 00:00:01]} 46. Re8 {[%clk 00:00:42]}
{[%emt 00:00:35]} Rxh2 {[%clk 00:03:39]} {[%emt 00:00:12]} 47. Rf8+ {[%clk
00:01:08]} {[%emt 00:00:04]} Ke5 {[%clk 00:03:24]} {[%emt 00:00:45]} 48. Ra8
{[%clk 00:01:33]} {[%emt 00:00:06]} Rh3+ {[%clk 00:02:21]} {[%emt 00:01:32]} 49.
f3 {[%clk 00:01:57]} {[%emt 00:00:06]} Rh1 {[%clk 00:02:15]} {[%emt 00:00:35]}
50. Ra5+ {[%clk 00:02:23]} {[%emt 00:00:06]} Kf6 {[%clk 00:02:41]} {[%emt
00:00:03]} 51. Ke4 {[%clk 00:02:48]} {[%emt 00:00:04]} Rb1 {[%clk 00:02:49]}
{[%emt 00:00:22]} 52. Ra6+ {[%clk 00:03:14]} {[%emt 00:00:04]} Kf7 {[%clk
00:03:16]} {[%emt 00:00:03]} 53. Ra5 {[%clk 00:03:24]} {[%emt 00:00:21]} Kf6
{[%clk 00:03:37]} {[%emt 00:00:09]} 54. Ra6+ {[%clk 00:03:23]} {[%emt
00:00:31]} Kf7 {[%clk 00:04:05]} {[%emt 00:00:03]} 55. Rd6 {[%clk 00:03:42]}
{[%emt 00:00:10]} Ke7 {[%clk 00:03:16]} {[%emt 00:01:19]} 56. Rd4 {[%clk
00:03:54]} {[%emt 00:00:17]} Kf6 {[%clk 00:03:36]} {[%emt 00:00:10]} 57. Kf4
{[%clk 00:02:59]} {[%emt 00:01:26]} Rb6 {[%clk 00:03:37]} {[%emt 00:00:30]} 58.
Kg4 {[%clk 00:03:26]} {[%emt 00:00:03]} Rb5 {[%clk 00:02:58]} {[%emt 00:01:10]}
59. Rd6+ {[%clk 00:03:48]} {[%emt 00:00:08]} Kf7 {[%clk 00:03:18]} {[%emt
00:00:09]} 60. Rc6 {[%clk 00:04:05]} {[%emt 00:00:13]} Rb4+ {[%clk 00:03:23]}
{[%emt 00:00:26]} 61. f4 {[%clk 00:03:26]} {[%emt 00:01:08]} Rb5 {[%clk
00:03:48]} {[%emt 00:00:05]} 62. Rd6 {[%clk 00:03:53]} {[%emt 00:00:03]} Ra5
{[%clk 00:04:10]} {[%emt 00:00:09]} 63. Rb6 {[%clk 00:04:05]} {[%emt 00:00:18]}
Rc5 {[%clk 00:04:31]} {[%emt 00:00:09]} 64. f5 {[%clk 00:04:29]} {[%emt
00:00:06]} Rc1 {[%clk 00:04:57]} {[%emt 00:00:04]} 65. Rg6 {[%clk 00:04:50]}
{[%emt 00:00:08]} Rg1+ {[%clk 00:05:19]} {[%emt 00:00:08]} 66. Kh5 {[%clk
00:05:14]} {[%emt 00:00:06]} Rh1+ {[%clk 00:05:44]} {[%emt 00:00:06]} 67. Kg5
{[%clk 00:05:40]} {[%emt 00:00:04]} Rg1+ {[%clk 00:06:10]} {[%emt 00:00:03]} 68.
Kf4 {[%clk 00:06:07]} {[%emt 00:00:03]} Rxg6 {[%clk 00:06:36]} {[%emt
00:00:04]} 69. fxg6+ {[%clk 00:06:35]} {[%emt 00:00:02]} Kxg6 {[%clk 00:07:02]}
{[%emt 00:00:05]} 1/2-1/2

[Event "XLIV Memoriał Szachowy Ludwika Zamenhofa 2025, Grupa A"]
[Site "Białystok, Poland"]
[Date "2025.12.31"]
[Round "9.4"]
[White "Mayorau, Mikita"]
[Black "Pidluznij, Gleb"]
[Result "1/2-1/2"]
[TimeControl "90'+30\""]
[WhiteElo "2472"]
[BlackElo "2411"]

1. d4 {[%clk 01:21:27]} {[%emt 00:09:33]} d5 {[%clk 01:30:48]} {[%emt
00:00:12]} 2. c4 {[%clk 01:21:50]} {[%emt 00:00:08]} e6 {[%clk 01:31:11]}
{[%emt 00:00:06]} 3. Nc3 {[%clk 01:22:16]} {[%emt 00:00:04]} Nf6 {[%clk
01:31:25]} {[%emt 00:00:16]} 4. cxd5 {[%emt 00:01:29]} exd5 {[%clk 01:31:25]} 5.
Bg5 {[%clk 01:22:11]} {[%emt 00:00:04]} Be7 {[%clk 01:27:35]} {[%emt 00:04:20]}
6. e3 {[%clk 01:22:26]} {[%emt 00:00:15]} O-O {[%clk 01:27:58]} {[%emt
00:00:07]} 7. Bd3 {[%clk 01:22:33]} {[%emt 00:00:23]} Re8 {[%clk 01:28:21]}
{[%emt 00:00:07]} 8. Nf3 {[%clk 01:21:54]} {[%emt 00:01:10]} c6 {[%clk
01:27:52]} {[%emt 00:00:59]} 9. Qc2 {[%clk 01:21:57]} {[%emt 00:00:26]} Nbd7
{[%clk 01:17:04]} {[%emt 00:11:19]} 10. O-O {[%clk 01:21:08]} {[%emt 00:01:19]}
g6 {[%clk 01:16:36]} {[%emt 00:00:58]} 11. Rab1 {[%clk 01:17:18]} {[%emt
00:04:20]} Ne4 {[%clk 01:12:49]} {[%emt 00:04:15]} 12. Bxe7 {[%clk 01:14:57]}
{[%emt 00:02:52]} Qxe7 {[%clk 01:13:13]} {[%emt 00:00:07]} 13. b4 {[%clk
01:15:07]} {[%emt 00:00:20]} a6 {[%clk 01:09:40]} {[%emt 00:04:03]} 14. a4
{[%clk 01:02:40]} {[%emt 00:12:57]} Nb6 {[%clk 01:10:01]} {[%emt 00:00:08]} 15.
Bxe4 {[%clk 00:57:05]} {[%emt 00:06:05]} dxe4 {[%clk 01:10:25]} {[%emt
00:00:07]} 16. Nd2 {[%clk 00:57:24]} {[%emt 00:00:11]} f5 {[%clk 01:04:57]}
{[%emt 00:05:58]} 17. a5 {[%clk 00:51:06]} {[%emt 00:06:48]} Nd7 {[%clk
01:05:18]} {[%emt 00:00:09]} 18. Nc4 {[%clk 00:47:33]} {[%emt 00:04:02]} Nf6
{[%clk 01:04:36]} {[%emt 00:01:13]} 19. d5 {[%clk 00:47:45]} {[%emt 00:00:18]}
cxd5 {[%clk 01:00:13]} {[%emt 00:04:53]} 20. Nb6 {[%clk 00:48:08]} {[%emt
00:00:07]} Rb8 {[%clk 01:00:38]} {[%emt 00:00:04]} 21. Ncxd5 {[%clk 00:37:59]}
{[%emt 00:10:40]} Nxd5 {[%clk 01:01:00]} {[%emt 00:00:08]} 22. Nxd5 {[%clk
00:38:23]} {[%emt 00:00:05]} Qe5 {[%clk 01:01:25]} {[%emt 00:00:05]} 23. Qc5
{[%clk 00:37:07]} {[%emt 00:01:46]} Bd7 {[%clk 00:54:53]} {[%emt 00:07:03]} 24.
Rfd1 {[%clk 00:37:26]} {[%emt 00:00:11]} Bc6 {[%clk 00:46:51]} {[%emt
00:08:31]} 25. h4 {[%clk 00:34:55]} {[%emt 00:03:01]} Rbd8 {[%clk 00:46:20]}
{[%emt 00:01:02]} 26. Nf4 {[%clk 00:33:06]} {[%emt 00:02:19]} Rxd1+ {[%clk
00:43:07]} {[%emt 00:03:43]} 27. Rxd1 {[%clk 00:33:33]} {[%emt 00:00:03]} Qxc5
{[%clk 00:43:31]} {[%emt 00:00:05]} 28. bxc5 {[%clk 00:33:57]} {[%emt
00:00:06]} Re5 {[%clk 00:43:57]} {[%emt 00:00:04]} 29. Rc1 {[%clk 00:32:47]}
{[%emt 00:01:40]} Bb5 {[%clk 00:43:31]} {[%emt 00:00:55]} 30. Rc3 {[%clk
00:32:59]} {[%emt 00:00:19]} Kf7 {[%clk 00:43:30]} {[%emt 00:00:31]} 31. Kh2
{[%clk 00:30:11]} {[%emt 00:03:17]} h6 {[%clk 00:32:50]} {[%emt 00:11:10]} 32.
Kg3 {[%clk 00:29:38]} {[%emt 00:01:03]} Kf6 {[%clk 00:30:36]} {[%emt 00:02:45]}
33. f3 {[%clk 00:27:43]} {[%emt 00:02:25]} g5 {[%clk 00:31:00]} {[%emt
00:00:06]} 34. hxg5+ {[%clk 00:28:00]} {[%emt 00:00:13]} hxg5 {[%clk 00:31:28]}
{[%emt 00:00:01]} 35. Nh3 {[%clk 00:28:25]} {[%emt 00:00:05]} exf3 {[%clk
00:15:42]} {[%emt 00:16:16]} 36. gxf3 {[%clk 00:28:49]} {[%emt 00:00:07]} Rd5
{[%clk 00:16:07]} {[%emt 00:00:05]} 37. f4 {[%clk 00:28:58]} {[%emt 00:00:20]}
gxf4+ {[%clk 00:16:07]} {[%emt 00:00:31]} 38. exf4 {[%clk 00:27:21]} {[%emt
00:02:07]} Rd2 {[%clk 00:11:40]} {[%emt 00:04:56]} 39. Ng5 {[%clk 00:24:37]}
{[%emt 00:03:14]} Ra2 {[%clk 00:10:58]} {[%emt 00:01:12]} 40. Re3 {[%clk
00:23:55]} {[%emt 00:01:12]} Bc4 {[%clk 00:08:06]} {[%emt 00:03:22]} 41. Nh7+
{[%clk 00:23:30]} {[%emt 00:00:55]} Kf7 {[%clk 00:08:04]} {[%emt 00:00:32]} 42.
Ng5+ {[%clk 00:23:48]} {[%emt 00:00:13]} Kf6 {[%clk 00:08:26]} {[%emt
00:00:06]} 43. Nh7+ {[%clk 00:24:16]} {[%emt 00:00:04]} Kf7 {[%clk 00:08:52]}
{[%emt 00:00:03]} 44. Ng5+ {[%clk 00:24:43]} {[%emt 00:00:04]} Kg6 {[%clk
00:08:56]} {[%emt 00:00:25]} 45. Nf3 {[%clk 00:18:07]} {[%emt 00:07:06]} Bd5
{[%clk 00:03:23]} {[%emt 00:06:04]} 46. Ne5+ {[%clk 00:15:16]} {[%emt
00:03:21]} Kh5 {[%clk 00:02:50]} {[%emt 00:01:03]} 47. Rd3 {[%clk 00:15:07]}
{[%emt 00:00:40]} Be4 {[%clk 00:03:14]} {[%emt 00:00:05]} 48. Rd7 {[%clk
00:14:56]} {[%emt 00:00:42]} Ra3+ {[%clk 00:03:42]} 49. Kf2 {[%clk 00:15:19]}
{[%emt 00:00:07]} Kh6 {[%clk 00:03:55]} {[%emt 00:00:19]} 50. Rd6+ {[%clk
00:15:26]} {[%emt 00:00:22]} Kg7 {[%clk 00:03:26]} {[%emt 00:00:58]} 51. c6
{[%clk 00:15:12]} {[%emt 00:00:45]} bxc6 {[%clk 00:03:13]} {[%emt 00:00:43]} 52.
Nxc6 {[%clk 00:15:26]} {[%emt 00:00:15]} Bxc6 {[%clk 00:02:46]} {[%emt
00:00:58]} 53. Rxc6 {[%clk 00:15:53]} {[%emt 00:00:03]} Rxa5 {[%clk 00:03:13]}
{[%emt 00:00:03]} 54. Kg3 {[%clk 00:16:04]} {[%emt 00:00:19]} Ra4 {[%clk
00:01:11]} {[%emt 00:02:32]} 55. Kh4 {[%clk 00:14:04]} {[%emt 00:02:30]} Rxf4+
{[%clk 00:01:34]} {[%emt 00:00:07]} 56. Kg5 {[%clk 00:14:31]} {[%emt 00:00:02]}
Ra4 {[%clk 00:01:17]} {[%emt 00:00:47]} 57. Kxf5 {[%clk 00:14:52]} {[%emt
00:00:10]} Ra5+ {[%clk 00:01:23]} {[%emt 00:00:23]} 58. Ke4 {[%clk 00:15:15]}
{[%emt 00:00:08]} Kf7 {[%clk 00:01:48]} {[%emt 00:00:04]} 59. Kd3 {[%clk
00:15:41]} {[%emt 00:00:04]} Ke7 {[%clk 00:02:13]} {[%emt 00:00:04]} 60. Kc2
{[%clk 00:16:07]} {[%emt 00:00:05]} Kd7 {[%clk 00:02:38]} {[%emt 00:00:04]} 61.
Rh6 {[%clk 00:16:34]} {[%emt 00:00:03]} Rc5+ {[%clk 00:02:59]} {[%emt
00:00:09]} 62. Kb3 {[%clk 00:17:00]} {[%emt 00:00:05]} Rc6 {[%clk 00:03:24]}
{[%emt 00:00:04]} 63. Rxc6 {[%clk 00:17:17]} {[%emt 00:00:14]} Kxc6 {[%clk
00:03:52]} {[%emt 00:00:01]} 64. Ka4 {[%clk 00:17:42]} {[%emt 00:00:05]} a5
{[%clk 00:04:19]} {[%emt 00:00:04]} 65. Kxa5 {[%clk 00:18:09]} {[%emt
00:00:03]} 1/2-1/2

[Event "XLIV Memoriał Szachowy Ludwika Zamenhofa 2025, Grupa A"]
[Site "Białystok, Poland"]
[Date "2025.12.31"]
[Round "9.5"]
[White "Kozak, Antoni"]
[Black "Baum, Jonasz"]
[Result "1/2-1/2"]
[TimeControl "90'+30\""]
[WhiteElo "2426"]
[BlackElo "2446"]

1. Nf3 {[%clk 01:16:57]} {[%emt 00:13:52]} d5 {[%clk 01:30:56]} {[%emt
00:00:05]} 2. g3 {[%clk 01:17:22]} {[%emt 00:00:04]} g6 {[%clk 01:31:24]}
{[%emt 00:00:03]} 3. Bg2 {[%clk 01:17:07]} {[%emt 00:00:44]} Bg7 {[%clk
01:31:49]} {[%emt 00:00:05]} 4. d4 {[%clk 01:17:24]} {[%emt 00:00:13]} Nf6
{[%clk 01:31:47]} {[%emt 00:00:33]} 5. O-O {[%clk 01:17:39]} {[%emt 00:00:14]}
O-O {[%clk 01:32:12]} {[%emt 00:00:05]} 6. c4 {[%clk 01:18:05]} {[%emt
00:00:04]} c5 {[%clk 01:32:38]} {[%emt 00:00:04]} 7. cxd5 {[%clk 01:17:17]}
{[%emt 00:01:18]} cxd4 {[%clk 01:32:57]} {[%emt 00:00:12]} 8. Nxd4 {[%clk
01:16:54]} {[%emt 00:00:52]} Nxd5 {[%clk 01:33:22]} {[%emt 00:00:05]} 9. Nc3
{[%clk 01:15:24]} {[%emt 00:02:00]} Nxc3 {[%clk 01:33:47]} {[%emt 00:00:06]} 10.
bxc3 {[%clk 01:15:52]} {[%emt 00:00:02]} Nc6 {[%clk 01:34:11]} {[%emt
00:00:06]} 11. Nxc6 {[%clk 01:07:07]} {[%emt 00:09:15]} bxc6 {[%clk 01:34:34]}
{[%emt 00:00:07]} 12. Qxd8 {[%clk 01:01:53]} Rxd8 {[%clk 01:34:54]} {[%emt
00:05:54]} 13. Bxc6 {[%clk 01:00:02]} {[%emt 00:02:20]} Rb8 {[%clk 01:35:19]}
{[%emt 00:00:05]} 14. Bg5 {[%clk 00:35:55]} {[%emt 00:24:37]} Be6 {[%clk
01:15:28]} {[%emt 00:20:22]} 15. a4 {[%clk 00:35:10]} {[%emt 00:01:15]} Bxc3
{[%clk 01:14:31]} {[%emt 00:01:27]} 16. Rab1 {[%clk 00:33:50]} {[%emt
00:01:49]} f6 {[%clk 01:10:49]} {[%emt 00:04:12]} 17. Be3 {[%clk 00:33:05]}
{[%emt 00:01:15]} a5 {[%clk 01:09:53]} {[%emt 00:01:26]} 18. Rxb8 {[%clk
00:32:42]} {[%emt 00:00:53]} Rxb8 {[%clk 01:10:19]} {[%emt 00:00:05]} 19. Bb5
{[%clk 00:33:08]} {[%emt 00:00:03]} Bb4 {[%clk 01:09:51]} {[%emt 00:00:58]} 20.
Rc1 {[%clk 00:33:29]} {[%emt 00:00:09]} Rc8 {[%clk 01:09:37]} {[%emt 00:00:44]}
21. f3 {[%clk 00:33:19]} {[%emt 00:00:40]} Rxc1+ {[%clk 01:09:44]} {[%emt
00:00:23]} 22. Bxc1 {[%clk 00:33:45]} {[%emt 00:00:04]} Kf7 {[%clk 01:09:45]}
{[%emt 00:00:29]} 23. Kf2 {[%clk 00:34:11]} {[%emt 00:00:04]} Bb3 {[%clk
01:08:29]} {[%emt 00:01:46]} 24. Ke3 {[%clk 00:33:35]} {[%emt 00:01:06]} Ke6
{[%clk 01:05:55]} {[%emt 00:03:04]} 25. Kd3 {[%clk 00:33:17]} {[%emt 00:00:49]}
Kd6 {[%clk 01:06:18]} {[%emt 00:00:06]} 26. Be3 {[%clk 00:32:48]} {[%emt
00:00:58]} Ba2 {[%clk 01:03:51]} {[%emt 00:02:58]} 27. Ba7 {[%clk 00:30:16]}
{[%emt 00:03:02]} Bb1+ {[%clk 01:03:45]} {[%emt 00:00:36]} 28. Kc4 {[%clk
00:30:42]} {[%emt 00:00:04]} Ba2+ {[%clk 01:04:11]} {[%emt 00:00:04]} 29. Kd3
{[%clk 00:31:09]} {[%emt 00:00:04]} Bb1+ {[%clk 01:04:35]} {[%emt 00:00:06]} 30.
Kc4 {[%clk 00:31:37]} {[%emt 00:00:02]} Ba2+ {[%clk 01:05:01]} {[%emt
00:00:04]} 1/2-1/2

[Event "XLIV Memoriał Szachowy Ludwika Zamenhofa 2025, Grupa A"]
[Site "Białystok, Poland"]
[Date "2025.12.31"]
[Round "9.6"]
[White "Obrycki, Tomasz"]
[Black "Terkiewicz, Bruno"]
[Result "1/2-1/2"]
[TimeControl "90'+30\""]
[WhiteElo "2068"]
[BlackElo "2211"]

1. c4 {[%clk 01:30:58]} {[%emt 00:00:01]} e6 {[%clk 01:27:34]} {[%emt
00:03:27]} 2. g3 {[%clk 01:31:17]} {[%emt 00:00:10]} Nf6 {[%clk 01:27:54]}
{[%emt 00:00:10]} 3. Bg2 {[%clk 01:31:27]} {[%emt 00:00:21]} d5 {[%clk
01:28:13]} {[%emt 00:00:10]} 4. Nf3 {[%clk 01:31:49]} {[%emt 00:00:08]} Be7
{[%clk 01:28:37]} {[%emt 00:00:06]} 5. O-O {[%clk 01:32:02]} {[%emt 00:00:17]}
O-O {[%clk 01:29:02]} {[%emt 00:00:06]} 6. d4 {[%clk 01:32:02]} {[%emt
00:00:31]} dxc4 {[%clk 01:29:27]} {[%emt 00:00:05]} 7. Qc2 {[%clk 01:30:59]}
{[%emt 00:01:32]} b5 {[%clk 01:29:34]} {[%emt 00:00:23]} 8. a4 {[%clk
01:30:10]} {[%emt 00:01:19]} b4 {[%clk 01:30:00]} {[%emt 00:00:04]} 9. Nbd2
{[%clk 01:29:52]} {[%emt 00:00:48]} Bb7 {[%clk 01:26:15]} {[%emt 00:04:15]} 10.
Nxc4 {[%clk 01:28:42]} {[%emt 00:01:41]} Be4 {[%clk 01:25:08]} {[%emt
00:01:37]} 11. Qd2 {[%clk 01:23:05]} {[%emt 00:06:07]} c5 {[%clk 01:12:30]}
{[%emt 00:13:08]} 12. dxc5 {[%clk 01:12:07]} {[%emt 00:11:28]} Na6 {[%clk
01:08:57]} {[%emt 00:04:02]} 13. Qxd8 {[%clk 01:07:09]} {[%emt 00:05:28]} Rfxd8
{[%clk 01:08:22]} 14. Nfe5 {[%clk 01:06:27]} {[%emt 00:02:17]} Bxc5 {[%clk
01:05:47]} {[%emt 00:03:05]} 15. Bg5 {[%clk 00:38:27]} {[%emt 00:28:28]} Bxg2
{[%clk 00:59:17]} {[%emt 00:07:02]} 16. Kxg2 {[%clk 00:38:38]} {[%emt
00:00:19]} Rd5 {[%clk 00:58:47]} {[%emt 00:01:00]} 17. Rad1 {[%clk 00:29:56]}
{[%emt 00:09:12]} Ne4 {[%clk 00:55:36]} {[%emt 00:03:42]} 18. Be3 {[%clk
00:29:27]} {[%emt 00:00:59]} Rad8 {[%clk 00:55:12]} {[%emt 00:00:53]} 19. Nd3
{[%clk 00:27:54]} {[%emt 00:02:04]} 1/2-1/2

[Event "XLIV Memoriał Szachowy Ludwika Zamenhofa 2025, Grupa A"]
[Site "Białystok, Poland"]
[Date "2025.12.31"]
[Round "9.7"]
[White "Niedbala, Bartlomiej"]
[Black "Turski, Bartlomiej"]
[Result "1/2-1/2"]
[TimeControl "90'+30\""]
[WhiteElo "2380"]
[BlackElo "2411"]

1. d4 {[%clk 01:24:07]} {[%emt 00:06:52]} Nf6 {[%clk 01:19:12]} {[%emt
00:11:45]} 2. c4 {[%clk 01:22:39]} {[%emt 00:02:01]} e6 {[%clk 01:19:38]}
{[%emt 00:00:04]} 3. Nf3 {[%clk 01:22:16]} {[%emt 00:00:52]} d5 {[%clk
01:20:04]} {[%emt 00:00:05]} 4. g3 {[%clk 01:16:06]} {[%emt 00:06:39]} Be7
{[%clk 01:20:15]} {[%emt 00:00:17]} 5. Bg2 {[%clk 01:15:56]} {[%emt 00:00:42]}
O-O {[%clk 01:20:38]} {[%emt 00:00:06]} 6. Nc3 {[%clk 01:11:01]} {[%emt
00:05:26]} c6 {[%clk 01:20:05]} {[%emt 00:01:00]} 7. O-O {[%clk 01:10:57]}
{[%emt 00:00:36]} Nbd7 {[%clk 01:18:53]} {[%emt 00:01:42]} 8. Qd3 {[%clk
01:06:03]} {[%emt 00:05:25]} b6 {[%clk 01:17:01]} {[%emt 00:02:22]} 9. e4
{[%clk 00:59:42]} {[%emt 00:06:51]} dxe4 {[%clk 01:13:53]} {[%emt 00:03:37]} 10.
Nxe4 {[%clk 01:00:07]} {[%emt 00:00:06]} Bb7 {[%clk 01:14:17]} {[%emt
00:00:06]} 11. Nc3 {[%clk 00:43:38]} {[%emt 00:16:58]} Re8 {[%clk 01:02:30]}
{[%emt 00:12:18]} 12. Bf4 {[%clk 00:42:38]} {[%emt 00:01:30]} Nh5 {[%clk
00:55:36]} {[%emt 00:07:24]} 13. Be3 {[%clk 00:41:24]} {[%emt 00:01:44]} Qc7
{[%clk 00:55:38]} {[%emt 00:00:28]} 14. Rad1 {[%clk 00:39:28]} {[%emt
00:02:26]} Rad8 {[%clk 00:55:53]} {[%emt 00:00:15]} 15. Ng5 {[%clk 00:30:19]}
{[%emt 00:09:39]} g6 {[%clk 00:54:32]} {[%emt 00:01:51]} 16. Qe2 {[%clk
00:27:33]} {[%emt 00:03:17]} a6 {[%clk 00:53:55]} {[%emt 00:01:07]} 17. Qf3
{[%clk 00:25:08]} {[%emt 00:02:54]} Rf8 {[%clk 00:53:37]} {[%emt 00:00:48]} 18.
Rfe1 {[%clk 00:23:15]} {[%emt 00:02:22]} Ba8 {[%clk 00:52:25]} {[%emt
00:01:43]} 19. Qg4 {[%clk 00:17:55]} {[%emt 00:05:50]} Ndf6 {[%clk 00:45:41]}
{[%emt 00:07:14]} 20. Qh3 {[%clk 00:17:30]} {[%emt 00:00:54]} c5 {[%clk
00:45:39]} {[%emt 00:00:34]} 21. d5 {[%clk 00:14:59]} {[%emt 00:03:01]} exd5
{[%clk 00:45:57]} {[%emt 00:00:12]} 22. cxd5 {[%clk 00:15:23]} {[%emt
00:00:05]} Qd7 {[%clk 00:44:51]} {[%emt 00:01:36]} 23. Qxd7 {[%clk 00:06:49]}
{[%emt 00:09:05]} Rxd7 {[%clk 00:44:47]} {[%emt 00:00:31]} 24. Bh3 {[%clk
00:01:43]} {[%emt 00:05:38]} Rdd8 {[%clk 00:44:32]} {[%emt 00:00:43]} 25. g4
{[%clk 00:01:29]} {[%emt 00:00:46]} Ng7 {[%clk 00:43:29]} {[%emt 00:01:32]} 26.
Bf4 {[%clk 00:01:42]} {[%emt 00:00:18]} Rfe8 {[%clk 00:39:48]} {[%emt
00:04:10]} 27. Bc7 {[%clk 00:00:46]} {[%emt 00:01:26]} Rd7 {[%clk 00:40:17]} 28.
Bxb6 {[%clk 00:01:15]} {[%emt 00:00:02]} Nxd5 {[%clk 00:40:06]} {[%emt
00:00:41]} 29. Nxd5 {[%clk 00:01:26]} {[%emt 00:00:20]} Bxd5 {[%clk 00:40:35]}
30. Ne4 {[%clk 00:01:23]} {[%emt 00:00:33]} 1/2-1/2